Od trestu k terapii Forenzní psychiatrie v poválečné obnově Evropy
Saved in:
| Main Author | |
|---|---|
| Format | Electronic eBook |
| Language | Czech |
| Published |
Karolinum
2026
|
| Edition | 1. elektronické vydání |
| Subjects | |
| Online Access | Dostupné v BOOKPORT po přihlášení pomocí eduID |
| ISBN | 978-80-246-6067-7 978-80-246-6019-6 |
| Physical Description | 1 online zdroj (254 stran) |
| LEADER | 00000nam a2200000 i 4500 | ||
|---|---|---|---|
| 001 | bkp501284448 | ||
| 003 | CZ-prgp | ||
| 005 | 20260413161533.0 | ||
| 006 | m o d | ||
| 007 | cr cn | ||
| 008 | 260413s2026 xr o 000 0 cze | ||
| 020 | |a 978-80-246-6067-7 |c 250 Kč |q (online ; pdf) | ||
| 020 | |a 978-80-246-6019-6 |c 350 Kč |q (print) | ||
| 040 | |a Grada |b cze |e rda | ||
| 100 | 1 | |a Jakub, Střelec | |
| 245 | 1 | 0 | |a Od trestu k terapii |b Forenzní psychiatrie v poválečné obnově Evropy |c Střelec Jakub |
| 250 | |a 1. elektronické vydání | ||
| 264 | 1 | |b Karolinum |c 2026 | |
| 300 | |a 1 online zdroj (254 stran) | ||
| 336 | |a text |b txt |2 rdacontent | ||
| 337 | |a počítač |b c |2 rdamedia | ||
| 338 | |a online zdroj |b cr |2 rdacarrier | ||
| 520 | 3 | |a Jak rozuměli odborníci v poválečné Evropě násilí? Kniha zkoumá přístupy psychiatrů a psychologů k násilnému chování a kriminalitě ve třech odlišných společnostech - v komunistickém Československu, západním Německu a Velké Británii v letech 1945-1970. Prostřednictvím rozboru soudně odborného vědění a psychiatrických posudků sleduje, jak se do hodnocení lidského chování a vymezování hranic trestní odpovědnosti promítaly válečné zkušenosti, dobová mentalita, společenské postavení či etnicita. Srovnání napříč železnou oponou odhaluje nejen rozdíly, ale i sdílené naděje vkládané do vědy jako nástroje utváření člověka a společnosti. | |
| 650 | 0 | 4 | |a Psychiatrie, psychoterapie |
| 856 | 4 | 0 | |u https://www.bookport.cz/AccountSaml/SignIn/?idp=https://shibboleth.utb.cz/idp/shibboleth&returnUrl=/kniha/od-trestu-k-terapii-15976/ |y Dostupné v BOOKPORT po přihlášení pomocí eduID |